|
|
|
|
| LEADER |
00978nab#a2200325#ar4500 |
| 001 |
000103419 |
| 003 |
SVKKK |
| 005 |
20101221145310.0 |
| 008 |
080509c2010 xo |||||||||||||||b|slo |
| FMT |
|
|
|
| 015 |
|
|
|a SNBRB2010/12
|
| 038 |
|
|
|a SVKKK
|
| 040 |
|
|
|a SVKKK
|b slo
|e AACR2
|
| 041 |
0 |
|
|a slo
|
| 044 |
|
|
|a xo
|c SK
|
| 080 |
|
|
|a 553.065
|x (234.372.3)
|2 1997
|
| 080 |
|
|
|a 553.25
|2 1997
|
| 100 |
1 |
|
|a Števko, M.
|4 aut
|
| 245 |
1 |
0 |
|a Nové výsledky štúdia sekundárnych minerálov na hydrotermálnych ložiskách v Slovenskej republike pomocou práškovej rtg. difrakcie
|c M. Števko, P. Bačík, D. Ozdín
|
| 650 |
0 |
4 |
|a hydrotermálne ložiská
|x sekundárne minerály
|z Slovensko
|
| 700 |
1 |
|
|a Bačík, Peter
|4 aut
|
| 700 |
1 |
|
|a Ozdín, Daniel
|4 aut
|
| 773 |
0 |
|
|t Mineralia slovaca
|g Roč. 42, č. 2 (2010)
|x 0369-2086
|
| 773 |
0 |
|
|i Príl.:
|t Geovestník
|g Č. 2 (2010), s. 253
|
| 974 |
|
|
|a Ni
|
| 992 |
|
|
|a RBX
|
| BAS |
|
|
|
| 852 |
|
|
|a SVKKK
|b BIB
|
| EXP |
|
|
|
| 998 |
|
|
|a GEO
|